The Re-emergence of the Chinese peasantry : aspects of rural decollectivisation /

Bibliographic Details
Corporate Author: Institute of Social Studies (Netherlands)
Other Authors: Saith, Ashwani
Format: Book
Language:English
Published: London ; New York : Croom Helm, [1987]
Subjects:

MARC

Tag First Indicator Second Indicator Subfields
LEADER 00000cam a2200000 a 4500
001 in00000016828
005 20151007053315.0
008 870220s1987 enka b 10100 eng
010 |a  87005373  
035 |a (OCoLC)15281579 
035 |9 AAB1160AM 
040 |a DLC  |c DLC  |d TXA  |d UtOrBLW 
043 |a a-cc--- 
049 |a TXAM  |c [A11469264] 
050 0 0 |a HD1537.C5  |b R4 1987 
082 0 |a 305.5/63  |2 19 
245 0 4 |a The Re-emergence of the Chinese peasantry :  |b aspects of rural decollectivisation /  |c edited by Ashwani Saith. 
264 1 |a London ;  |a New York :  |b Croom Helm,  |c [1987] 
264 4 |c ©1987 
300 |a ix, 277 pages :  |b illustrations ;  |c 23 cm. 
336 |a text  |b txt  |2 rdacontent 
337 |a unmediated  |b n  |2 rdamedia 
338 |a volume  |b nc  |2 rdacarrier 
500 |a Papers presented at a workshop held at the Institute of Social Studies, The Hague. 
504 |a Includes bibliographies and index. 
505 0 |a Collectivisation and decollectivisation in Guanzhong, Central Shaanxi, 1934-1984 / Eduard Vermeer -- The people's commune, responsibility systems, and rural development in China, 1965-1984 / Ajit Kunar Ghose -- Towards an appraisal of the impact of rural reform in China, 1978-85 / Peter Nolan and Suzanne Paine -- Some implications of the rural economic reforms for the Chinese peasant household / Elisabeth Croll --The disintegration and reconstruction of the rural science and technology system / Richard Conroy -- Changes in the system of basic social security in the countryside since 1979 / Stephan Feuchtwang -- China's new population policies / Ashwani Saith -- Riding the tiger / Gordon White. 
650 0 |a Peasants  |z China  |x Congresses. 
700 1 |a Saith, Ashwani. 
710 2 |a Institute of Social Studies (Netherlands) 
999 |a MARS 
999 f f |s fa720286-b7d3-3df2-b460-4fa515586d8f  |i d91e68b2-0696-3e94-8403-e6bb2aa0803a  |t 0 
952 f f |p ric  |a Texas A&M University  |b Rellis Campus  |c Joint Library Facility  |d Remote Storage  |t 0  |e HD1537.C5 R4 1987  |h Library of Congress classification  |i unmediated -- volume  |m A14811469264 
998 f f |a HD1537.C5 R4 1987  |t 0  |l Remote Storage